The Concepts of "Beauty" and "Pathology" within the Biological Component of Deviation Category (in the English Language); XLinguae; Vol. 7, iss. 1
| Parent link: | XLinguae: European Scientific language Journal Vol. 7, iss. 1.— 2014.— [P. 21-28] |
|---|---|
| Autor principal: | |
| Autor Corporativo: | |
| Sumario: | Title screen В статье рассматриваются средства выражения категории девиации в английском языке. Изучение категории отклонения находится в фокусе многих дисциплин, в том числе лингвистики. Автор описывает языковые средства выражения концептов Beauty и Pathology, элементов биологической составляющей категории девиации в английском языке. Категория девиация выражена словами широкой семантики, в основе которых лежит корень devia-. Конкретизация значений указанных языковых единиц и слов, репрезентирующих концепты Beauty и Pathology, включенных в сферу девиации, осуществляется с помощью контекстуального анализа. Упомянутые концепты являются частью иерархической структуры категории. В основе категории девиации лежат гиперо-гипонимические отношения. |
| Lenguaje: | inglés |
| Publicado: |
2014
|
| Materias: | |
| Acceso en línea: | http://www.xlinguae.eu/files/Xlinguae_n1_2014.pdf#page=23 |
| Formato: | Electrónico Capítulo de libro |
| KOHA link: | https://koha.lib.tpu.ru/cgi-bin/koha/opac-detail.pl?biblionumber=661810 |
MARC
| LEADER | 00000naa0a2200000 4500 | ||
|---|---|---|---|
| 001 | 661810 | ||
| 005 | 20250417161634.0 | ||
| 035 | |a (RuTPU)RU\TPU\network\32713 | ||
| 035 | |a RU\TPU\network\32712 | ||
| 090 | |a 661810 | ||
| 100 | |a 20200221d2014 k||y0rusy50 ba | ||
| 101 | 0 | |a eng | |
| 102 | |a SK | ||
| 135 | |a drcn ---uucaa | ||
| 181 | 0 | |a i | |
| 182 | 0 | |a b | |
| 200 | 1 | |a The Concepts of "Beauty" and "Pathology" within the Biological Component of Deviation Category (in the English Language) |f A. S. Ptashkin | |
| 203 | |a Text |c electronic | ||
| 300 | |a Title screen | ||
| 330 | |a В статье рассматриваются средства выражения категории девиации в английском языке. Изучение категории отклонения находится в фокусе многих дисциплин, в том числе лингвистики. Автор описывает языковые средства выражения концептов Beauty и Pathology, элементов биологической составляющей категории девиации в английском языке. Категория девиация выражена словами широкой семантики, в основе которых лежит корень devia-. Конкретизация значений указанных языковых единиц и слов, репрезентирующих концепты Beauty и Pathology, включенных в сферу девиации, осуществляется с помощью контекстуального анализа. Упомянутые концепты являются частью иерархической структуры категории. В основе категории девиации лежат гиперо-гипонимические отношения. | ||
| 461 | |t XLinguae |o European Scientific language Journal | ||
| 463 | |t Vol. 7, iss. 1 |v [P. 21-28] |d 2014 | ||
| 610 | 1 | |a электронный ресурс | |
| 610 | 1 | |a труды учёных ТПУ | |
| 610 | 1 | |a концепт | |
| 610 | 1 | |a категории | |
| 610 | 1 | |a девиация | |
| 610 | 1 | |a иерархии | |
| 700 | 1 | |a Ptashkin |b A. S. |c linguist |c associate Professor of Tomsk Polytechnic University, candidate of philological Sciences |f 1983- |g Aleksandr Sergeevich |3 (RuTPU)RU\TPU\pers\35194 |9 18459 | |
| 712 | 0 | 2 | |a Национальный исследовательский Томский политехнический университет |b Школа базовой инженерной подготовки |b Отделение иностранных языков |3 (RuTPU)RU\TPU\col\23510 |
| 801 | 2 | |a RU |b 63413507 |c 20200311 |g RCR | |
| 850 | |a 63413507 | ||
| 856 | 4 | |u http://www.xlinguae.eu/files/Xlinguae_n1_2014.pdf#page=23 | |
| 942 | |c CF | ||